01073nam a2200313 a 450000100060000000300100000600500170001600700030003300800410003602000180007704000300009504100140012504300120013908200230015110000280017424500930020225000180029530000480031333600270036133700330038833800280042153400290044961000580047861000580053665000420059465000380063670000340067483000510070858618CO-BoRNBP20250827151106.0ta170912s2017    ck a   gr     0001p spa d  a9789585602977  aCO-BoBLA bspa cCO-BoBLA1 aspa hfre  ae-fr---04a843.91 bB71i 2191 aBravi, Soledad, d1965-13aLa Ilíada y la Odisea según Homero / cSoledad Bravi ; traducción Felipe Cammaert.  a1a. edición  a[90] páginas : bilustraciones ; c23 cm.  2rdacontentatextobtxt  2rdamediaasin mediaciónbn  2rdacarrieravolumenbnc  tL'Iliade et L'Odyssée.07aHomero, fl. siglo IX? a.C. x Adaptaciones juveniles.07aHomero, fl. siglo IX? a.C. x Adaptaciones juveniles. 7aCuentos juveniles franceses.2BLAAUTO 7aPoesía épica griega.2BLAAUTO1 aCammaert, Felipe,etraductor. 0aPrograma de catalogación en la publicación